Giáo trình luật ngân hàng

Những lí luận chung về ngân hàng và luật ngân hàng. Địa vị pháp lý của Ngân hàng nhà nước Việt Nam. Địa vị pháp lý của tổ chức tín dụng. Pháp luật về quản lý tiền tệ và ngoại hối. Pháp luật điều chỉnh hoạt động cấp tín dụng của tổ...

Ausführliche Beschreibung

Gespeichert in:
Bibliographische Detailangaben
1. Verfasser: Nguyễn Văn Vân (Chủ biên)
Weitere Verfasser: Phan Thị Thành Dương, Nguyễn Thị Thuỷ
Format: Buch
Sprache:Vietnamese
Veröffentlicht: H. Hồng Đức ; Hội Luật gia Việt Nam 2019
Ausgabe:Tái bản lần thứ nhất
Schlagworte:
Tags: Tag hinzufügen
Keine Tags, Fügen Sie den ersten Tag hinzu!
Thư viện lưu trữ: Thư viện Trường Đại học Nam Cần Thơ
LEADER 03027aam a22003618a 4500
001 NCT_88799
008 121107s2012 ||||||viesd
999 |c 4380  |d 4380 
020 |c 88000  |a 9786048968762 
082 0 4 |2 23rd ed.  |a 346.597082  |b V121 
100 1 |a Nguyễn Văn Vân  |e Chủ biên 
245 1 0 |a Giáo trình luật ngân hàng  |c Nguyễn Văn Vân (chủ biên) ; Phan Thị Thành Dương, Nguyễn Thị Thủy,...[et al.] 
250 |a Tái bản lần thứ nhất 
260 |a H.  |b Hồng Đức ; Hội Luật gia Việt Nam  |c 2019 
300 |a 454 tr.  |b sơ đồ  |c 21cm 
500 |a ĐTTS ghi: Trường đại học Luật Tp. Hồ Chí Minh 
520 3 |a Những lí luận chung về ngân hàng và luật ngân hàng. Địa vị pháp lý của Ngân hàng nhà nước Việt Nam. Địa vị pháp lý của tổ chức tín dụng. Pháp luật về quản lý tiền tệ và ngoại hối. Pháp luật điều chỉnh hoạt động cấp tín dụng của tổ chức tín dụng. Pháp luật về dịch vụ thanh toán qua tổ chức cung ứng dịch vụ thanh toán 
653 |a Luật học 
655 7 |a Giáo trình 
700 1 |a Phan Thị Thành Dương 
700 1 |a Nguyễn Thị Thuỷ 
942 |2 ddc  |c BK 
952 |0 0  |1 0  |2 ddc  |4 0  |6 346_597082000000000_V121  |7 0  |9 21062  |a 000001  |b 000001  |d 2021-04-03  |o 346.597082 V121  |p MD.18320  |r 2021-04-03  |v 88000.00  |w 2021-04-03  |y BK 
952 |0 0  |1 0  |2 ddc  |4 0  |6 346_597082000000000_V121  |7 0  |9 21063  |a 000001  |b 000001  |d 2021-04-03  |o 346.597082 V121  |p MD.18321  |r 2021-04-03  |v 88000.00  |w 2021-04-03  |y BK 
952 |0 0  |1 0  |2 ddc  |4 0  |6 346_597082000000000_V121  |7 0  |9 21064  |a 000001  |b 000001  |d 2021-04-03  |o 346.597082 V121  |p MD.18322  |r 2021-04-03  |v 88000.00  |w 2021-04-03  |y BK 
952 |0 0  |1 0  |2 ddc  |4 0  |6 346_597082000000000_V121  |7 0  |9 21065  |a 000001  |b 000001  |d 2021-04-03  |o 346.597082 V121  |p MD.18323  |r 2021-04-03  |v 88000.00  |w 2021-04-03  |y BK 
952 |0 0  |1 0  |2 ddc  |4 0  |6 346_597082000000000_V121  |7 0  |9 21066  |a 000001  |b 000001  |d 2021-04-03  |o 346.597082 V121  |p MD.18324  |r 2021-04-03  |v 88000.00  |w 2021-04-03  |y BK 
952 |0 0  |1 0  |2 ddc  |4 0  |6 346_597082000000000_V121  |7 0  |9 21067  |a 000001  |b 000001  |d 2021-04-03  |o 346.597082 V121  |p MD.18325  |r 2021-04-03  |v 88000.00  |w 2021-04-03  |y BK 
952 |0 0  |1 0  |2 ddc  |4 0  |6 346_597082000000000_V121  |7 0  |9 21068  |a 000001  |b 000001  |d 2021-04-03  |o 346.597082 V121  |p MD.18326  |r 2021-04-03  |v 88000.00  |w 2021-04-03  |y BK 
952 |0 0  |1 0  |2 ddc  |4 0  |6 346_597082000000000_V121  |7 0  |9 21069  |a 000001  |b 000001  |d 2021-04-03  |o 346.597082 V121  |p MD.18327  |r 2021-04-03  |v 88000.00  |w 2021-04-03  |y BK 
952 |0 0  |1 0  |2 ddc  |4 0  |6 346_597082000000000_V121  |7 0  |9 21070  |a 000001  |b 000001  |d 2021-04-03  |o 346.597082 V121  |p MD.18328  |r 2021-04-03  |v 88000.00  |w 2021-04-03  |y BK 
952 |0 0  |1 0  |2 ddc  |4 0  |6 346_597082000000000_V121  |7 0  |9 21071  |a 000001  |b 000001  |d 2021-04-03  |o 346.597082 V121  |p MD.18329  |r 2021-04-03  |v 88000.00  |w 2021-04-03  |y BK 
980 |a Thư viện Trường Đại học Nam Cần Thơ